000 00535nam a2200193Ia 4500
008 101110s9999 xx 000 0 und d
041 _aENGLISH
082 _bSR24038
100 _aChopde L. N., Choudhari D. H., etc
245 _aAccountancy and financial management (SYBCOM)
365 _b150
520 _aCommerce
546 _aENGLISH
630 _aAccountancy and financial management (SYBCOM)
650 _aCommerce
655 _aCommerce
730 _aAccountancy and financial management (SYBCOM)
942 _cBOOK
999 _c816713
_d816710